| 000 | 00764nam a2200205 a 4500 | ||
|---|---|---|---|
| 001 | 4100 | ||
| 005 | 20140414131957.0 | ||
| 008 | 090126s19uu xx 00 eng d | ||
| 020 | _a1-86007-863-X | ||
| 050 |
_aTR 595.7 _bP54 2006 |
||
| 100 | _aPhillips, Dee, 1967- | ||
| 245 |
_aBugs and spiders / _cby Dee Phillips. |
||
| 260 |
_aMinnetonka, MN : _bTwo-Can Pub., _cc2006. |
||
| 300 | _a96 p. : col. ill. ; 29 cm. | ||
| 500 | _aIncludes index. | ||
| 520 | _a"Introduces insects, spiders, and other invertebrates from around the world, including information about where they live, what they eat, and how they grow and survive"--Provided by publisher. | ||
| 650 |
_aInsects _xJuvenile literature. |
||
| 650 |
_aSpiders _xJuvenile literature. |
||
| 999 |
_c112963 _d112963 |
||